000 00256nam a2200109Ia 4500
008 190216s9999||||xx |||||||||||||| ||und||
100 _aDhingra. I.C
245 0 _aQuestion Bank In Economics
260 _bS Chand & Co
650 _aReferences
942 _cREF
999 _c35504
_d35504